Political Behavior of the American Electorate (Record no. 6528)

MARC details
000 -LEADER
fixed length control field 00399nam a22001457a 4500
003 - CONTROL NUMBER IDENTIFIER
control field OSt
005 - DATE AND TIME OF LATEST TRANSACTION
control field 20210923162511.0
008 - FIXED-LENGTH DATA ELEMENTS--GENERAL INFORMATION
fixed length control field 210923b |||||||| |||| 00| 0 eng d
040 ## - CATALOGING SOURCE
Original cataloging agency HU
Transcribing agency DDC
082 ## - DEWEY DECIMAL CLASSIFICATION NUMBER
Edition number SECOND EDITION
Classification number 320.973/FLA
245 ## - TITLE STATEMENT
Title Political Behavior of the American Electorate
260 ## - PUBLICATION, DISTRIBUTION, ETC.
Place of publication, distribution, etc. Boston
Name of publisher, distributor, etc. Allyn and Bacon,inc.,
Date of publication, distribution, etc. 1972
300 ## - PHYSICAL DESCRIPTION
Extent vi,143P,20cm
Other physical details ill
942 ## - ADDED ENTRY ELEMENTS (KOHA)
Source of classification or shelving scheme Dewey Decimal Classification
Koha item type Books like text book referance book
Suppress in OPAC No
Holdings
Withdrawn status Lost status Source of classification or shelving scheme Damaged status Not for loan Home library Current library Shelving location Date acquired Total Checkouts Full call number Barcode Date last seen Copy number Price effective from Koha item type
    Dewey Decimal Classification     Law & Governance lLbrary Law & Governance lLbrary General Stacks 09/23/2021   320.973/FLA LGCLIB0000047 09/23/2021 C1 09/23/2021 Books like text book referance book